000 00541nam a22001457a 4500
008 140822b xxu||||| |||| 00| 0 eng d
020 _a0406091668
050 _aKD275.4.L39(1891)
245 _aThe Law Reports of the Incorporated Council of Law Reporting, Appeal Cases(1891): House of Lords, Judicial Committee of the Privy Council and Peerage Cases. /
_cedited by A.P. Stone
260 _aLondon:
_bButterworth & Co. Ltd,
_c1891.
300 _axiii, 684p.
_c24cm.
440 _pAppeal cases 1891
700 _aStone, A.P.
942 _2lcc
_cBK
999 _c3712
_d11212